Population âgée dans les grandes économies mondiales - Statistiques

Statistiques générales
  • Ce quiz a été pris 27 fois
  • Le résultat moyen est 24 sur 30
Statistiques - réponses
% pop > 65 ans Pays % Correct
24% Allemagne
100%
23% France
100%
20% Canada
95%
22% Espagne
95%
18% États-Unis
95%
25% Italie
95%
30% Japon
95%
18% Russie
95%
15% Chine
91%
20% Corée du Sud
91%
7% Inde
91%
18% Australie
86%
21% Pologne
86%
20% Royaume-Uni
86%
11% Turquie
86%
13% Argentine
82%
11% Brésil
82%
21% Suède
82%
9% Mexique
77%
8% Indonésie
73%
21% Belgique
68%
20% Suisse
68%
3% Arabie Saoudite
64%
21% Autriche
64%
16% Thaïlande
64%
16% Irlande
59%
2% Émirats Arabes Unis
55%
13% Israël
55%
21% Pays-Bas
55%
14% Singapour
50%
Aucun quiz correspondant
Distribution des résultats
% des personnes avec chaque résultat
Percentile par nombre de réponses
Votre historique - résultats
Vous n’avez pas pris ce quiz